Audels answers on blue print reading for mechanics and builders, (Record no. 549195)
[ view plain ]
| 000 -LEADER | |
|---|---|
| fixed length control field | 00673cam a22001571 4500 |
| 082 ## - DEWEY DECIMAL CLASSIFICATION NUMBER | |
| Classification number | 720.284 |
| Author Mark | GRH |
| -- | L-12, P-2 |
| 100 1# - MAIN ENTRY--PERSONAL NAME | |
| Personal name | Graham, Frank Duncan, |
| 9 (RLIN) | 39019 |
| 245 10 - TITLE STATEMENT | |
| Title | Audels answers on blue print reading for mechanics and builders, |
| Statement of responsibility, etc. | by F. D. Graham. |
| 260 ## - PUBLICATION, DISTRIBUTION, ETC. | |
| Place of publication, distribution, etc. | New York, |
| Name of publisher, distributor, etc. | T. Audel & co. |
| Date of publication, distribution, etc. | [c1941] |
| 300 ## - PHYSICAL DESCRIPTION | |
| Extent | 8 p. l., 352 p. incl. front., illus., diagrs. |
| Dimensions | 17 cm. |
| 500 ## - GENERAL NOTE | |
| General note | Chapter 10, "A.I.E.E. standards: standard symbols for electrical equipment of buildings" (p. 167-170) has special t.-p. |
| 526 ## - STUDY PROGRAM INFORMATION NOTE | |
| Program name | 0 |
| Interest level | 0 |
| Reading level | 0 |
| Title point value | 720_284000000000000_GRH |
| 650 #0 - SUBJECT ADDED ENTRY--TOPICAL TERM | |
| Topical term or geographic name entry element | Blueprints. |
| 9 (RLIN) | 37725 |
| 710 2# - ADDED ENTRY--CORPORATE NAME | |
| Corporate name or jurisdiction name as entry element | American Institute of Electrical Engineers. |
| 9 (RLIN) | 45738 |
| 942 ## - ADDED ENTRY ELEMENTS (KOHA) | |
| Source of classification or shelving scheme | |
| Koha item type | Book |
| Withdrawn status | Lost status | Source of classification or shelving scheme | Damaged status | Not for loan | Permanent Location | Current Location | Date acquired | Total Checkouts | Full call number | Barcode | Date last seen | Price effective from | Koha item type |
|---|---|---|---|---|---|---|---|---|---|---|---|---|---|
| Military College of Engineering (MCE) | Military College of Engineering (MCE) | 09/18/2014 | 720.284 GRH | MCE-30322 | 09/18/2014 | 09/18/2014 | Book |
